| 000 | 06142naa a2200637 4500 | ||
|---|---|---|---|
| 005 | 20090613154945.0 | ||
| 008 | 080827t xxu||||| |||| 00| 0 eng d | ||
| 010 | _aENG-93981 | ||
| 020 |
_a8126015543 _c150.00 |
||
| 035 | _aEN-77514 | ||
| 035 | _aB-365470-496 | ||
| 037 | _bDBAD / PUB | ||
| 037 | _bNorth India Publishers & Distributors | ||
| 040 |
_adpl _bEnglish |
||
| 082 | _aN | ||
| 100 | _aJayakanthan | ||
| 245 |
_aA man a home and a world / _cby Jayakanthan; translated by K.S. Subramanian |
||
| 246 | _aOru manithan Oru veedu Oru ulagam | ||
| 260 |
_aNew Delhi _bSahitya Akademi _c2003 |
||
| 270 |
_aRabindra Bhavan, 35, Ferozeshah Road, _bNew Delhi _e110 001 |
||
| 300 |
_a238p. _c20cm(Hb) |
||
| 500 | _aIncludes glossary | ||
| 500 | _a(Tamil novel ) | ||
| 650 |
_aTamil fiction _vTranslation into English |
||
| 700 | _aSubramanian, K.S. | ||
| 942 |
_adpl _cEN _2ddc _mMAN _hN |
||
| 999 |
_c27434 _d27434 |
||